00329nam a2200133Ia 4500008004100000041000800041082001500049100002100064245003200085250001400117260002300131300002900154365001200183240624s9999 xx 000 0 und d aeng a302.23 CRE aCREEDON PAMELA J aWOMEN IN MASS COMMUNICATION a(3rd ed.) c2007aLondonbSage ax, : 346 : p. : cm. ; 23 cGBPb38